Exclusion clauses and unfair contract terms (12th edition) (Record no. 42832)

MARC details
000 -LEADER
fixed length control field 00848nam a2200229 a 4500
001 - CONTROL NUMBER
control field 99886315002419
008 - FIXED-LENGTH DATA ELEMENTS--GENERAL INFORMATION
fixed length control field 190523s2017 ||||||||||||||||| || u
020 ## - INTERNATIONAL STANDARD BOOK NUMBER
International Standard Book Number 9780414062955
050 ## - LIBRARY OF CONGRESS CALL NUMBER
Classification number KD 1563 Law
100 ## - MAIN ENTRY--PERSONAL NAME
Personal name Lawson, Richard
245 10 - TITLE STATEMENT
Title Exclusion clauses and unfair contract terms (12th edition)
Statement of responsibility, etc. Richard, Lawson
250 ## - EDITION STATEMENT
Edition statement 12th edition
260 ## - PUBLICATION, DISTRIBUTION, ETC.
Place of publication, distribution, etc. London
Name of publisher, distributor, etc. Sweet & Maxwell
Date of publication, distribution, etc. 2017
300 ## - PHYSICAL DESCRIPTION
Extent xxxix, 372 pages
336 ## - CONTENT TYPE
Content type term text
Source rdacontent
337 ## - MEDIA TYPE
Media type term unmediated
Source rdamedia
338 ## - CARRIER TYPE
Carrier type term volume
Source rdacarrier
650 #0 - SUBJECT ADDED ENTRY--TOPICAL TERM
Topical term or geographic name entry element IMMORAL CONTRACTS - GREAT BRITAIN
650 ## - SUBJECT ADDED ENTRY--TOPICAL TERM
Topical term or geographic name entry element HOLD HARMLESS AGREEMENTS --GREAT BRITAIN
650 #0 - SUBJECT ADDED ENTRY--TOPICAL TERM
Topical term or geographic name entry element CONTRACTS--GREAT BRITAIN
995 ## - RECOMMENDATION 995 [LOCAL, UNIMARC FRANCE]
-- CBU-MAIN LIBRARY (Kitwe)
-- 634.35
-- 1
-- AVAILABLE
-- May 23, 2019
-- Main Library Open Access Collection
Holdings
Withdrawn status Lost status Source of classification or shelving scheme Damaged status Not for loan Home library Current library Shelving location Date acquired Total Checkouts Full call number Barcode Date last seen Price effective from Koha item type
          CBU-MAIN LIBRARY, KITWE. CBU-MAIN LIBRARY, KITWE.   11/30/2022   KD 1563 Law 749117 11/30/2022 11/30/2022 MONOGRAPH